Qui embruta el mar?
Descripción Física:
223 p. : 24 cm
MARC
| LEADER | 00000nam a2200000Ia 4500 | ||
|---|---|---|---|
| 001 | 13155 | ||
| 003 | BGR | ||
| 005 | 20260324175636.0 | ||
| 008 | 160829s9999 xx 000 0 cat d | ||
| 080 | |a C-2-207 | ||
| 111 | |a Jornades de Medi Ambient |9 71258 |c (Barcelona : |d 2000) | ||
| 245 | |a Qui embruta el mar? | ||
| 260 | |a Barcelona : |b Museu Marítim, DL 2000 | ||
| 300 | |a 223 p. : |b 24 cm | ||
| 590 | |a Actes de les Jornades de Medi Ambient celebrades al Museu Marítim conjuntament amb l'Àrea de Medi Ambient de la Diputació de Barcelona i la Universitat Politècnica de Catalunya. | ||
| 590 | |a Amb el patrocini de Comisión Europea. Programa marco 'Cultura 2000' i el Port de Barcelona. | ||
| 590 | |a Textos en català, castellà i francès | ||
| 650 | |a Mar |x Contaminació |x Congressos |9 36348 | ||
| 650 | 0 | |a Medi ambient |v Congressos |9 8382 | |
| 710 | |a Museu Marítim (Barcelona, Catalunya) |9 10020 | ||
| 710 | |a Barcelona (Catalunya : Província). |b Àrea de Medi Ambient |9 52987 | ||
| 710 | 2 | |a Universitat Politècnica de Catalunya |9 54344 | |
| 901 | |a Arxiu | ||
| 942 | |n 1 |2 udc |c JC | ||
| 952 | |0 0 |1 0 |4 0 |6 C2207 |7 1 |9 47294 |a Arxiu |b Arxiu |d 2016-12-01 |l 0 |o C-2-207 |p 13155 |r 2016-12-01 00:00:00 |w 2016-12-01 |y ARXIU | ||
| 999 | |c 51091 |d 51091 | ||